Cuba.

Bibliographic Details
Corporate Author: United States. Central Intelligence Agency
Format: Government Document Map
Language:English
Published: [Washington, D.C.] : [Central Intelligence Agency], [1982]
Subjects:

MARC

Tag First Indicator Second Indicator Subfields
LEADER 00000cem a2200000 a 4500
001 in00000831799
005 20151018124151.0
008 820701s1982 dcub a f 0 eng d
010 |a gp 82019657  
034 1 |a a  |b 5400000  |d W0840000  |e W0760000  |f N0240000  |g N0200000 
035 |a (OCoLC)08566911 
035 |9 ADX7385AM 
040 |a GPO  |c GPO  |d UtOrBLW 
052 |a 4920 
074 |a 856-A-1 
086 0 |a PrEx 3.10/4:C 89/2 
090 |a G4920.1982.U5 
110 1 |a United States.  |b Central Intelligence Agency. 
245 1 0 |a Cuba. 
264 1 |a [Washington, D.C.] :  |b [Central Intelligence Agency],  |c [1982] 
300 |a 1 map :  |b color ;  |c 17 x 25 cm. 
336 |a cartographic image  |b cri  |2 rdacontent 
337 |a unmediated  |b n  |2 rdamedia 
338 |a sheet  |b nb  |2 rdacarrier 
500 |a Relief shown by shading. 
500 |a "Base 505032 (547623) 3-82." 
500 |a Cartographic material. 
651 0 |a Cuba  |x Maps. 
999 |a MARS 
999 f f |s feca80b6-74c0-3b37-a8ab-3a02f58cdbeb  |i 3d8f137a-5e52-383b-b477-6827bc6b3505  |t 0 
952 f f |p normal  |a Texas A&M University  |b College Station  |c Sterling C. Evans Library  |d Evans: Maps (2nd floor)  |t 0  |e G4921.F1 1982 .U5  |h Library of Congress classification  |i unmediated -- sheet  |m A14818116040 
952 f f |p normal  |a Texas A&M University  |b College Station  |c Sterling C. Evans Library  |d Evans: Maps (2nd floor)  |t 0  |e G4921.F1 1982 .U5  |h Library of Congress classification  |i unmediated -- sheet  |m A14818113042 
998 f f |a G4921.F1 1982 .U5  |t 0  |l Evans: Maps (2nd floor)